Formula one drivers line-up 2010 - Statistics

General Stats
  • This quiz has been taken 127 times
  • The average score is 21 of 27
Answer Stats
Constructor Rounds Driver Nationality % Correct
Mercedes All Nico Rosberg Germany
92%
McLaren All Jenson Button UK
91%
McLaren All Lewis Hamilton UK
91%
Mercedes All Michael Schumacher Germany
90%
Red Bull All Sebastian Vettel Germany
90%
Ferrari All Fernando Alonso Spain
87%
Red Bull All Mark Webber Australia
87%
Ferrari All Felipe Massa Brazil
86%
Renault All Robert Kubica Poland
83%
Williams All Rubens Barrichello Brazil
81%
Renault All Vitaly Petrov Russia
79%
Williams All Nico Hülkenberg Germany
78%
Lotus All Heikki Kovalainen Finland
77%
Sauber All Kamui Kobayashi Japan
77%
Sauber 15-19 Nick Heidfeld Germany
77%
HRT 1-9, 11-19 Bruno Senna Brazil
75%
Force India All Adrian Sutil Germany
74%
Toro Rosso All Sébastien Buemi Switzerland
74%
Lotus All Jarno Trulli Italy
73%
Force India All Vitantonio Liuzzi Italy
70%
HRT 1-10 Karun Chandhok India
69%
Sauber 1-14 Pedro de la Rosa Spain
69%
HRT 15, 18-19 Christian Klien Austria
68%
Toro Rosso All Jaime Alguersuari Spain
68%
Virgin All Timo Glock Germany
66%
HRT 10-14, 16-17 Sakon Yamamoto Japan
62%
Virgin All Lucas di Grassi Brazil
61%
No matching quizzes found
Score Distribution
Percent of People with Each Score
Percentile by Number Answered
Your Score History
You have not taken this quiz